| 000 | 00608nam a22001937a 4500 | ||
|---|---|---|---|
| 003 | KOHA_MİRAKIL | ||
| 005 | 20251127103409.0 | ||
| 008 | 251127b tu ||||| |||| 00| 0 tur d | ||
| 020 | _a9786054823109 | ||
| 040 |
_aTR-AnABB _btur _cTR-AnABB |
||
| 041 | _atur | ||
| 082 |
_a346.077 609 _bGUM 2013 |
||
| 100 | 1 | _aGümüş, Alper Mustafa, | |
| 245 | 1 | 0 |
_a6098 sayılı Türk borçlar kanununa göre borçlar hukuku özel hükümler / _cMustafa Alper Gümüş |
| 260 |
_aİstanbul : _bVedat Kitapçılık, _c2013 |
||
| 300 |
_a588 sayfa ; _c24 cm |
||
| 650 | 0 | 4 | _aBorçlar hukuku |
| 942 |
_2ddc _cBK |
||
| 999 |
_c9665 _d9665 |
||
| 900 | _bGizem YORULMAZ | ||